书目信息 |
| 题名: |
展示空间设计与工程
|
|
| 作者: | 胡家宁 , 项建华 , 蔡薇 编著 | |
| 分册: | ||
| 出版信息: | 重庆 重庆大学出版社 2005.05 |
|
| 页数: | 92页 | |
| 开本: | 29cm | |
| 丛书名: | ||
| 单 册: | ||
| 中图分类: | J525.2 | |
| 科图分类: | ||
| 主题词: | 展览馆--zhan lan guan--室内设计--高等教育--教材 , 陈列设计--chen lie she ji--高等教育--教材 | |
| 电子资源: | ||
| ISBN: | 7-5624-3370-4 | |
| 000 | 01012nam0 2200277 450 | |
| 001 | 012006081846 | |
| 005 | 20060701093256.17 | |
| 010 | @a7-5624-3370-4@dCNY33.00 | |
| 100 | @a20060609d2005 km y0chiy0120 ea | |
| 101 | 0 | @achi |
| 102 | @aCN@b510000 | |
| 105 | @aa a 000yy | |
| 200 | 1 | @a展示空间设计与工程@Azhan shi kong jian she ji yu gong cheng@f胡家宁, 项建华, 蔡薇编著@Fhu jia ning,xiang jian hua,cai wei bian zhu |
| 210 | @a重庆@c重庆大学出版社@d2005.05 | |
| 215 | @a92页@c图@d29cm | |
| 300 | @a高职高专艺术设计专业系列教材 | |
| 320 | @a有书目。 | |
| 330 | @a本书介绍展示设计的发展与基本概念、形式设计的基本方法与表现手段、色彩学理论与展示设计有关的人机工程学知识等。 | |
| 606 | 0 | @a展览馆@Azhan lan guan@x室内设计@x高等教育@j教材 |
| 606 | 0 | @a陈列设计@Achen lie she ji@x高等教育@j教材 |
| 690 | @aJ525.2@v4 | |
| 701 | 0 | @a胡家宁@Ahu jia ning@4编著 |
| 701 | 0 | @a项建华@Axiang jian hua@4编著 |
| 701 | 0 | @a蔡薇@Acai wei@4编著 |
| 801 | 0 | @aCN@bQSSK@c20060701 |
| 905 | @a10447@dJ525.2@eH474 | |
| 展示空间设计与工程/胡家宁, 项建华, 蔡薇编著.-重庆:重庆大学出版社,2005.05 |
| 92页:图;29cm |
| 高职高专艺术设计专业系列教材 |
| ISBN 7-5624-3370-4:CNY33.00 |
| 本书介绍展示设计的发展与基本概念、形式设计的基本方法与表现手段、色彩学理论与展示设计有关的人机工程学知识等。 |
| ● |
| 相关链接 |
|
|
|
正题名:展示空间设计与工程
索取号:J525.2/H474
 
预约/预借
| 序号 | 登录号 | 条形码 | 馆藏地/架位号 | 状态 | 备注 |
| 1 | 581724 | 205817240 | 社科库309/309社科库 88排4列1层/ [索取号:J525.2/H474] | 在馆 | |
| 2 | 581725 | 205817259 | 社科库309/309社科库 88排4列1层/ [索取号:J525.2/H474] | 在馆 | |
| 3 | 581726 | 205817268 | 社科库309/309社科库 88排4列1层/ [索取号:J525.2/H474] | 在馆 |